000 004430000a22001570004500
020 _a0226742164
060 _a100
082 _a280 SCH
100 _aSchwartz, Gary
245 _aSect ideologies and social status
260 _aChicago, Univertsity of Chicago press
260 _c1970
300 _a251
650 _aSects of christian church/ sect application / religious application - america/ evangelical christianity
942 _cBK
999 _c354124
_d354124